| 000 | 00782cam a2200277 4500 | ||
|---|---|---|---|
| 008 | 090401t1996 xxu||||| |||| 00| 0 eng d | ||
| 020 | _a0853083266 | ||
| 035 | _a(Sirsi) u32462 | ||
| 041 | _aeng | ||
| 050 | _a346.41064 | ||
| 100 | _aRichens, N.J. | ||
| 245 | _aCharity land and premises. | ||
| 260 |
_aBristol _bJordans _c1996 |
||
| 300 | _axv,176p. ; 24cm. | ||
| 350 | _a22.5 | ||
| 520 | _aA guide for charity trustees on all aspects of dealing with charity land, including acquisition, sale, leases, mortgages, rentcharges, proceeds of sale and tax. | ||
| 650 | _aCHARITIES | ||
| 650 | _aCHARITY LAND | ||
| 650 | _aCHARITY LAW | ||
| 650 | _aLAW | ||
| 650 | _aTRUSTEES | ||
| 690 | _aLAND | ||
| 700 | _aFletcher, M.J.G. | ||
| 942 | _n0 | ||
| 948 | _c04/03/1997 | ||
| 999 |
_c89742 _d89742 |
||